Brand building on the internet
| Main Author: | |
|---|---|
| Format: | Book |
| Published: |
Londan :
Kogan Page ,
2000
|
| Subjects: |
MARC
| LEADER | 00000cam a2200000 7i4500 | ||
|---|---|---|---|
| 001 | 0000010643 | ||
| 005 | 20050418.0 | ||
| 020 | |a 0749433132 | ||
| 040 | |a INS | ||
| 090 | 0 | 0 | |a HF5415.1265 |b L57 2000 |
| 100 | 1 | |a Lindstorm, Martin | |
| 245 | 1 | 0 | |a Brand building on the internet |c Martin Lindstorm |
| 260 | |a Londan : |b Kogan Page , |c 2000 | ||
| 300 | |a 319p ; |c 23cm. | ||
| 650 | 0 | 0 | |a Brang name product |
| 650 | 0 | 0 | |a Internet marketing |
| 999 | |a 0000009834 |b BOOK |c Open Shelf |e Default branch | ||